[Event "Lisbon-ch"]
[Site "Lisbon"]
[Date "2015.01.29"]
[Round "2"]
[White "Garcia, Antonio Manuel"]
[Black "Sirgado, Carlos Manuel Ferre"]
[Result "1-0"]
[WhiteElo "1919"]
[BlackElo "1654"]
[PlyCount "125"]
[EventDate "2015.01.27"]
[EventType "swiss"]
[EventRounds "7"]
[EventCountry "POR"]
[SourceTitle "CBM 164 Extra"]
[Source "ChessBase"]
[SourceDate "2015.03.02"]
[SourceVersion "1"]
[SourceVersionDate "2015.03.02"]
[SourceQuality "1"]

1. d4 d5 2. c4 e6 3. Nc3 Nf6 4. Nf3 Be7 5. Bg5 0-0 6. e3 c6 7. Bd3 dxc4 8. Bxc4 Nd5 9. Bxe7 Qxe7 10. a3 Nxc3 11. bxc3 Nd7 12. 0-0 Rd8 13. Qc2 b5 14. Bd3 g6 15. a4 Bb7 16. Rab1 a6 17. c4 Rdc8 18. Nd2 c5 19. axb5 cxd4 20. exd4 axb5 21. Rxb5 Bc6 22. Rbb1 Qf6 23. Qc3 Nc5 24. Nb3 Nxd3 25. Qxd3 Ra3 26. Ra1 Rca8 27. Qc3 Rxa1 28. Rxa1 Rxa1+ 29. Nxa1 Qf5 30. Nc2 Ba4 31. Ne1 Qb1 32. h3 Qb3 33. Qxb3 Bxb3 34. c5 Bd5 35. Nc2 Kf8 36. Nb4 Ba8 37. f4 h5 38. g3 Ke7 39. Kf2 f6 40. Ke3 g5 41. fxg5 fxg5 42. Nd3 Kf6 43. Ne5 Kf5 44. g4+ hxg4 45. hxg4+ Kf6 46. Kd3 Ke7 47. Kc4 Bg2 48. Kb5 Kd8 49. Kb6 Kc8 50. Nf7 Bf3 51. Nd6+ Kd7 52. Nf7 Kc8 53. Nxg5 Bxg4 54. Kc6 Bf5 55. Kd6 Bg4 56. Nxe6 Bf3 57. d5 Bg2 58. Nf4 Be4 59. Ke7 Bf5 60. d6 Bd7 61. Nd5 Bc6 62. Nb6+ Kb7 63. d7 1-0